000 00834nam a2200241Ia 4500
003 OSt
005 20220930091036.0
006 a|||||r|||| 00| 0
007 ta
008 220926b |||||||| |||| 00| 0 eng d
024 _a3406
037 _cTheses
040 _aCRL
_cCRL
_beng
041 _2eng
_aeng
100 _aRao Meenakshi
_9544568
110 _aUniversity of Delhi. Faculty of Medical Science. Department of Pathaology
_9544569
245 0 _aCompartive diagnostic study of the expression her - 2/ neu in breast cancer on trucut biopsy specimens by immunohistochemistry and fluorrscence in situ hybridization
260 _c2012
650 _aMEDICINE
700 _aUniversity of Delhi. Faculty of Medical Science. Department of Pathaology
_9544570
942 _cDIS
_2CC
999 _c881549
_d881549